Gente antigua (notice nᵒ 12727)
[ vue normale ]
| 000 -Sello discográfico | |
|---|---|
| campo de control de longitud fija | 00995nam a2200301 4500 |
| 005 - Identificación de versión | |
| campo de control | 20260325142808.0 |
| 010 ## - Número Estándar Internacional de Libros (ISBN) | |
| Número (ISBN) | 968-29-6486-5 |
| 099 ## - fechas locales | |
| Tipo de ítem Koha | LIBRO |
| 100 ## - Datos de procesamiento general | |
| Datos de procesamiento general | 20260325d1994 m y1spay5003 ba |
| 101 ## - Idioma del recurso | |
| Idioma del texto, banda sonora, etc. | Español; Castellano |
| 105 ## - Campo de datos codificados: Material textual, monográfico | |
| Datos codificados de monografía | a 001zy |
| 200 ## - Título y mención de responsabilidad | |
| Título propio | Gente antigua |
| Designación general del material | texto impreso |
| Primer mención de responsabilidad | Neyra Alvarado Solis |
| Declaración de responsabilidad subsiguiente | fotografía Lorenzo Armendáriz García |
| -- | ediciónJorge Lépez Vela |
| 205 ## - Declaración de edición | |
| Declaración de edición | 1a ed |
| 210 ## - Publicación, distribución, etc. | |
| Lugar de publicación, distribución, etc. | México |
| Nombre del editor, distribuidor, etc. | Instituto Nacional Indigenista, Archivo Etnográfico Audiovisual |
| Fecha de publicación, distribución, etc. | 1994 |
| 215 ## - Descripción física | |
| Designación de material específico y extensión del ítem | 83 p |
| Otras características físicas | principalmente fotos |
| Dimensiones | 27 cm |
| 345 ## - Nota de información de adquisición | |
| Fuente de adquisición/dirección de la suscripción [OBSOLETO] | Donación Yuriria Iturriaga |
| 410 ## - Series | |
| Título | Colección Raíces |
| 606 ## - Término temático usado como materia | |
| Elemento de entrada | Ancianos |
| Subdivisión temática | Retratos |
| Número Koha | 14509 |
| 606 ## - Término temático usado como materia | |
| Elemento de entrada | Indios de México |
| Número Koha | 239 |
| 660 ## - Código de área geográfica | |
| Código | MX |
| 700 ## - Nombre personal - Responsabilidad primaria | |
| Elemento de entrada | Alvarado Solís |
| Parte del nombre distinta del elemento de entrada | Neyra Patricia |
| Número Koha | 8592 |
| 702 ## - Nombre personal - Responsabilidad secundaria | |
| Elemento de entrada | Armendáriz García |
| Parte del nombre distinta del elemento de entrada | Lorenzo |
| Fechas | 1961- |
| Código de Relator | Fotógrafo |
| Número Koha | 8631 |
| 702 ## - Nombre personal - Responsabilidad secundaria | |
| Elemento de entrada | Lépez Vela |
| Parte del nombre distinta del elemento de entrada | Jorge |
| Fechas | 1963- |
| Código de Relator | Editor |
| Número Koha | 10047 |
| 801 ## - Fuente de origen | |
| País | FR |
| Agencia | cm |
| Reglas de catalogación (convenciones descriptivas) | AFNOR |
| 942 ## - ELEMENTOS DE ENTRADA SECUNDARIOS (KOHA) | |
| Tipo de ítem Koha | Livre |
| Estatus retirado | Estado de daño | Estado de pérdida | Fuente de la clasificación o esquema de estantería | Fecha de adquisición | Biblioteca de origen | Biblioteca actual | Código de barras | Precio de reemplazo | Signatura topográfica completa | No para préstamo | Tipo de ítem Koha | Nota no pública |
|---|---|---|---|---|---|---|---|---|---|---|---|---|
| Clasificación Decimal Dewey | 25/03/2026 | Casa México Paris | Casa México Paris | 001735 | 25/03/2026 | 301.43 A472g | Livre | 751145101 |